Normal Range of Motion of Joints - Statistics

General Stats
  • This quiz has been taken 10 times
  • The average score is 21 of 43
Answer Stats
Motion Typical ROM % Correct
Flexion 180
100%
Abduction 180
100%
Adduction 0
80%
Extension 0
80%
Flexion 150
80%
Extension 60
80%
External Rotation 90
80%
Extension 0
60%
Radial Deviation 20
60%
Dorsiflexion 20
60%
Ulnar Deviation 30
60%
Extension 30
60%
Inversion 5
60%
Eversion 5
60%
Plantarflexion 50
60%
Internal Rotation 70
60%
Extension 70
60%
Flexion 80
60%
Pronation 90
60%
Supination 90
60%
Flexion 120
40%
Flexion 135
40%
Adduction 30
40%
Horizontal Abduction 45
40%
Abduction 45
40%
Internal Rotation 45
40%
External Rotation 45
40%
Flexion 45
40%
Side Flexion 45
40%
Rotation 80
40%
MCP Flexion 90
40%
PIP Extension 0
20%
DIP Extension 0
20%
PIP Flexion 100
20%
Horizontal Adduction 135
20%
Flexion 15
20%
Extension 20
20%
MCP Extension 45
20%
Great Toe MTP Flexion 45
20%
Extension 65
20%
Abduction 70
20%
Great Toe MTP Extension 70
20%
DIP Flexion 90
20%
No matching quizzes found
Score Distribution
Percent of People with Each Score
Percentile by Number Answered
Your Score History
You have not taken this quiz